书目信息 |
| 题名: |
爆破工程工程量计算标准
|
|
| 作者: | 中华人民共和国住房和城乡建设部 | |
| 分册: | ||
| 出版信息: | 北京 中国计划出版社 2024.12 |
|
| 页数: | 46页 | |
| 开本: | 26cm | |
| 丛书名: | 中华人民共和国国家标准 | |
| 单 册: | ||
| 中图分类: | TU723.32-65 , TU723.32-65 | |
| 科图分类: | ||
| 主题词: | 建筑安装--jian zhu an zhuang--工程造价--建筑规范--中国--指南 | |
| 电子资源: | ||
| ISBN: | ||
| 000 | 01266nam 2200301 450 | |
| 001 | 2531758982 | |
| 005 | 20250227085043.75 | |
| 010 | @dCNY35.00 | |
| 091 | @a155182.1546 | |
| 100 | @a20141022d2024 em y0chiy50 ea | |
| 101 | 0 | @achi |
| 102 | @aCN@b110000 | |
| 105 | @aak a 000yy | |
| 200 | 1 | @a爆破工程工程量计算标准@ABao Po Gong Cheng Gong Cheng Liang Ji Suan Biao Zhun@eGB/T 50862-2024@f中华人民共和国住房和城乡建设部@Fzhong hua ren min gong he guo zhu fang he cheng xiang jian she bu |
| 210 | @a北京@c中国计划出版社@d2024.12 | |
| 215 | @a46页@c图@d26cm | |
| 225 | 2 | @a中华人民共和国国家标准 |
| 320 | @a有书目 (第322页) | |
| 410 | 0 | @12001 @a中华人民共和国国家标准 |
| 510 | 1 | @a=Standard for measurement of blasting works |
| 517 | 1 | @a消防、通风空调、给排水、采暖、燃气及防腐蚀工程分册@Axiao fang 、 tong feng kong tiao 、gei pai shui 、 cai nuan 、 ran qi ji fang fu shi gong cheng fen ce |
| 517 | 1 | @aGB/T 50862-2024 |
| 606 | 0 | @a建筑安装@Ajian zhu an zhuang@x工程造价@x建筑规范@y中国@j指南 |
| 690 | @aTU723.32-65@v5 | |
| 690 | @aTU723.32-65@v4 | |
| 701 | 0 | @a中华人民共和国住房和城乡建设部@Azhong hua ren min gong he guo zhu fang he cheng xiang jian she bu |
| 801 | 0 | @aCN@b河南城建学院图书馆@c20141022 |
| 905 | @dTU723.32-65@eZ9116 | |
| 爆破工程工程量计算标准:GB/T 50862-2024/中华人民共和国住房和城乡建设部.-北京:中国计划出版社,2024.12 |
| 46页:图;26cm.-(中华人民共和国国家标准) |
| ISBN :CNY35.00 |
| ● |
| 相关链接 |
|
|
|
正题名:爆破工程工程量计算标准
索取号:TU723.32-65/Z9116
 
预约/预借
| 序号 | 登录号 | 条形码 | 馆藏地/架位号 | 状态 | 备注 |
| 1 | 1554628 | 215546283 | 管理学院资料室/ [索取号:TU723.32-65/Z9116] | 在馆 | |
| 2 | 1554629 | 215546292 | 管理学院资料室/ [索取号:TU723.32-65/Z9116] | 在馆 | |
| 3 | 1554630 | 215546309 | 管理学院资料室/ [索取号:TU723.32-65/Z9116] | 在馆 | |
| 4 | 1554631 | 215546318 | 管理学院资料室/ [索取号:TU723.32-65/Z9116] | 在馆 | |
| 5 | 1554632 | 215546327 | 管理学院资料室/ [索取号:TU723.32-65/Z9116] | 在馆 | |
| 6 | 1554633 | 215546336 | 管理学院资料室/ [索取号:TU723.32-65/Z9116] | 在馆 | |
| 7 | 1554634 | 215546345 | 管理学院资料室/ [索取号:TU723.32-65/Z9116] | 在馆 | |
| 8 | 1554635 | 215546354 | 管理学院资料室/ [索取号:TU723.32-65/Z9116] | 在馆 | |
| 9 | 1554636 | 215546363 | 管理学院资料室/ [索取号:TU723.32-65/Z9116] | 在馆 | |
| 10 | 1554637 | 215546372 | 管理学院资料室/ [索取号:TU723.32-65/Z9116] | 在馆 | |
| 11 | 1554638 | 215546381 | 管理学院资料室/ [索取号:TU723.32-65/Z9116] | 在馆 | |
| 12 | 1554639 | 215546390 | 管理学院资料室/ [索取号:TU723.32-65/Z9116] | 在馆 | |
| 13 | 1554640 | 215546407 | 管理学院资料室/ [索取号:TU723.32-65/Z9116] | 在馆 | |
| 14 | 1554641 | 215546416 | 管理学院资料室/ [索取号:TU723.32-65/Z9116] | 在馆 | |
| 15 | 1554642 | 215546425 | 管理学院资料室/ [索取号:TU723.32-65/Z9116] | 在馆 | |
| 16 | 1554643 | 215546434 | 管理学院资料室/ [索取号:TU723.32-65/Z9116] | 在馆 | |
| 17 | 1554644 | 215546443 | 管理学院资料室/ [索取号:TU723.32-65/Z9116] | 在馆 | |
| 18 | 1554645 | 215546452 | 管理学院资料室/ [索取号:TU723.32-65/Z9116] | 在馆 | |
| 19 | 1554646 | 215546461 | 管理学院资料室/ [索取号:TU723.32-65/Z9116] | 在馆 | |
| 20 | 1554647 | 215546470 | 管理学院资料室/ [索取号:TU723.32-65/Z9116] | 在馆 |